Laudetur : (Record no. 183046)

MARC details
000 -LEADER
campo de control de longitud fija 00731nam a2200205 i 4500
001 - NÚMERO DE CONTROL
campo de control 183046
003 - IDENTIFICADOR DE NÚMERO DE CONTROL
campo de control ES-MaACL
005 - FECHA Y HORA DE LA ÚLTIMA TRANSACCIÓN
campo de control 20231030130123.0
008 - DATOS DE LONGITUD FIJA--INFORMACIÓN GENERAL
campo de control de longitud fija 140114s2012 sp a | |||||||| | spa d
020 ## - NÚMERO INTERNACIONAL ESTÁNDAR DEL LIBRO
Número Internacional Estándar del Libro 978-84-92497-24-9
080 ## - NÚMERO DE LA CLASIFICACIÓN DECIMAL UNIVERSAL
Número de la Clasificación Decimal Universal 821.134.2-14"19"
100 1# - ENTRADA PRINCIPAL--NOMBRE DE PERSONA
Nombre de persona Catunda, Márcio (
Fechas asociadas al nombre 1957-)
9 (RLIN) 154150
245 10 - MENCIÓN DEL TÍTULO
Título Laudetur :
Resto del título 63 poetas españoles del siglo XXI /
Mención de responsabilidad, etc. Márcio Catunda.
260 ## - PUBLICACIÓN, DISTRIBUCIÓN, ETC.
Lugar de publicación, distribución, etc. Madrid :
Nombre del editor, distribuidor, etc. Manuscritos,
Fecha de publicación, distribución, etc. D.L. 2012.
300 ## - DESCRIPCIÓN FÍSICA
Extensión 96 p. :
Otras características físicas il. ;
Dimensiones 23 cm.
852 ## - LOCALIZACIÓN
Ubicación ES-MaACL
Número de control de estantería A-13010
itemnumber 189979
Sublocalización o colección R.149823
Ubicación en estantería Depósito 1
Signatura antigua Olim: N-6010
Anotaciones manuscritas Dedicatoria autógrafa del autor
Donativo/Legado Donación: Márcio Catunda
903 ## - NOMBRE PERSONAL DE DONANTE
9 154150
a Catunda, Márcio (
d 1957-)
e Donante
942 ## - ELEMENTOS DE ENTRADA SECUNDARIOS (KOHA)
Fuente del sistema de clasificación o colocación Clasificación decimal universal
Tipo de ítem Koha Libro impreso
Holdings
Estatus retirado Estado de pérdida Fuente del sistema de clasificación o colocación Estado de daño No para préstamo Colección Biblioteca de origen Biblioteca actual Ubicación en estantería Fecha de adquisición Fuente de adquisición Total de préstamos Signatura topográfica completa Código de barras Visto por última vez Precio de reemplazo Tipo de ítem Koha Nota pública
    Clasificación decimal universal     Libros con dedicatorias Biblioteca del Ateneo de Madrid Biblioteca del Ateneo de Madrid Depósito 1 14/01/2014 Donación   A-13010 1192385 23/02/2023 23/02/2023 Libro impreso Dedicatoria autógrafa del autor